US Great Lakes A-Z - Statistics

General Stats
  • This quiz has been taken 47 times
  • The average score is 14 of 23
Answer Stats
Letter Clue Answer % Correct
I State home to Chicago Illinois
100%
E Lake with a namesake city in Pennsylvania Erie
98%
T Largest city of Canada Toronto
98%
L Great _____ Lakes
95%
N Major falls on the Canada-USA border Niagara
95%
O Final lake of the Great Lakes Ontario
95%
B 2nd Largest city of New York Buffalo
93%
G Bay of northern Wisconsin Green
91%
C City on the Cuyahoga River Cleveland
88%
F Term for a boat used to get from city to city Ferry
86%
U Peninsula bordering Lake Superior to the north Upper
77%
W City across from Detroit Windsor
72%
K Suburb of Milwaukee in Wisconsin Kenosha
65%
J Suburb of Chicago Joliet
56%
M Strait seperating the 2 peninsulas of Michigan Mackinac
42%
Y Term for residents of the Upper Peninsula Yoopers
35%
S Minor lake where the Detroit River empties St. Clair
26%
V Name of a color which is a suburb of Cleveland Vermillion
26%
H City next to Gary in Indiana Hammond
23%
P 7th largest city of and a suburb of the2nd largest city of Ohio Parma
23%
D Peninsula that juts into Lake Michigan Door
21%
A Wisconsin archipelago in Lake Superior Apostle
19%
R River flowing through Dearborn, Michigan Rouge
14%
No matching quizzes found
Score Distribution
Percent of People with Each Score
Percentile by Number Answered
Your Score History
You have not taken this quiz